<?xml version="1.0" encoding="UTF-8"?>
<record
    xmlns:xsi="http://www.w3.org/2001/XMLSchema-instance"
    xsi:schemaLocation="http://www.loc.gov/MARC21/slim http://www.loc.gov/standards/marcxml/schema/MARC21slim.xsd"
    xmlns="http://www.loc.gov/MARC21/slim">

  <leader>00915cam a2200253 a 4500</leader>
  <controlfield tag="001">unk83065796 </controlfield>
  <controlfield tag="003">DLC</controlfield>
  <controlfield tag="005">20260227112800.0</controlfield>
  <controlfield tag="008">860227s1869    ii            000 0 san  </controlfield>
  <datafield tag="010" ind1=" " ind2=" ">
    <subfield code="a">unk83065796 </subfield>
  </datafield>
  <datafield tag="040" ind1=" " ind2=" ">
    <subfield code="a">DLC</subfield>
    <subfield code="c">DLC</subfield>
  </datafield>
  <datafield tag="050" ind1="0" ind2="0">
    <subfield code="a">PK2916</subfield>
    <subfield code="b">.V577 1869</subfield>
  </datafield>
  <datafield tag="100" ind1="0" ind2=" ">
    <subfield code="a">Vi&#x15B;van&#x101;tha Kavir&#x101;ja.</subfield>
  </datafield>
  <datafield tag="240" ind1="1" ind2="0">
    <subfield code="a">S&#x101;hityadarpa&#x1E47;a</subfield>
  </datafield>
  <datafield tag="245" ind1="1" ind2="4">
    <subfield code="a">S&#x101;hityadarpa&#x1E47;a&#x1E43; n&#x101;m[&#x101;]la&#x1E45;k&#x101;ra&#x15B;&#x101;stra&#x1E43; /</subfield>
    <subfield code="c">Vi&#x15B;van&#x101;tha Kavir&#x101;javiracita&#x1E43; = The s&#xE1;hitya-darpa&#x1E47;a, or, Mirror of composition : a treatise on literary criticism / by Vi&#x15B;wan&#xE1;tha Kavir&#xE1;ja</subfield>
  </datafield>
  <datafield tag="246" ind1="3" ind2="1">
    <subfield code="a">S&#xE1;hitya-darpa&#x1E47;a</subfield>
  </datafield>
  <datafield tag="246" ind1="3" ind2="1">
    <subfield code="a">Mirror of composition</subfield>
  </datafield>
  <datafield tag="260" ind1=" " ind2=" ">
    <subfield code="a">Calcutta :</subfield>
    <subfield code="b">B&#xE1;bu Bhuvana Chandra Va&#x15B;aka,</subfield>
    <subfield code="c">1869.</subfield>
  </datafield>
  <datafield tag="300" ind1=" " ind2=" ">
    <subfield code="a">16, 346 p. ;</subfield>
    <subfield code="c">22 cm.</subfield>
  </datafield>
  <datafield tag="546" ind1=" " ind2=" ">
    <subfield code="a">In Sanskrit.</subfield>
  </datafield>
  <datafield tag="500" ind1=" " ind2=" ">
    <subfield code="a">LC copy: Weber Collection; dated Apr. 14, 1870.</subfield>
    <subfield code="5">DLC</subfield>
  </datafield>
  <datafield tag="650" ind1=" " ind2="0">
    <subfield code="a">Sanskrit poetry</subfield>
    <subfield code="x">History and criticism.</subfield>
  </datafield>
  <datafield tag="650" ind1=" " ind2="0">
    <subfield code="a">Poetics.</subfield>
  </datafield>
  <datafield tag="999" ind1=" " ind2=" ">
    <subfield code="c">91476</subfield>
    <subfield code="d">91476</subfield>
  </datafield>
</record>
